000
nam a22 7a 4500
999
_c
45865
_d
45865
003
OSt
005
20190409102324.0
008
190409b xxu||||| |||| 00| 0 eng d
040
_c
IIMT UNIVERSITY
100
_a
ROGER S. PRESSMAN
245
_a
SOFTWARE ENGINEERING
260
_a
NEW DELHI
_b
MC GRAW HILL
_c
1982
300
_a
852
942
_2
ddc
_c
09